000 005520000a22001810004500
003 MACL
005 20160513133145.0
008 160513b xxu||||| |||| 00| 0 eng d
040 _aMACL
_cMACL
041 _aHindi
082 _a891.431
100 _aनसरीन, तसलीमा
_956728
245 _aकुछ पल साथ रहो
_cतसलीमा नसरीन
260 _bआकृति प्रकाशन
_c2004
_aदिल्‍ली
350 _a200
650 _aPoetry
_956729
942 _cHIN
_k891.431/NAS/P
_2ddc
999 _c19027
_d19027